Properties of new M31 dSph companions from keck imaging
Saved in:
| Main Authors: | , |
|---|---|
| Format: | Article (Journal) |
| Language: | English |
| Published: |
1998
|
| In: |
Bulletin of the American Astronomical Society
Year: 1998, Volume: 30, Pages: 1257 |
| ISSN: | 0002-7537 |
| Online Access: |
|
| Author Notes: | E. K. Grebel; P. Guhathakurta |
MARC
| LEADER | 00000caa a22000002c 4500 | ||
|---|---|---|---|
| 001 | 1641382821 | ||
| 003 | DE-627 | ||
| 005 | 20220816074221.0 | ||
| 007 | tu | ||
| 008 | 141127s1998 xx ||||| 00| ||eng c | ||
| 035 | |a (DE-627)1641382821 | ||
| 035 | |a (DE-576)420147039 | ||
| 035 | |a (DE-599)BSZ420147039 | ||
| 035 | |a (OCoLC)1341192157 | ||
| 040 | |a DE-627 |b ger |c DE-627 |e rakwb | ||
| 041 | |a eng | ||
| 084 | |a 29 |2 sdnb | ||
| 100 | 1 | |a Grebel, Eva K. |d 1966- |0 (DE-588)1020239085 |0 (DE-627)691153221 |0 (DE-576)359782833 |4 aut | |
| 245 | 1 | 0 | |a Properties of new M31 dSph companions from keck imaging |c E. K. Grebel; P. Guhathakurta |
| 264 | 1 | |c 1998 | |
| 300 | |a ? | ||
| 336 | |a Text |b txt |2 rdacontent | ||
| 337 | |a ohne Hilfsmittel zu benutzen |b n |2 rdamedia | ||
| 338 | |a Band |b nc |2 rdacarrier | ||
| 700 | 1 | |a Guhathakurta, Puragra |4 aut | |
| 773 | 0 | 8 | |i In |a American Astronomical Society |t Bulletin of the American Astronomical Society |d New York, NY : [Verlag nicht ermittelbar], 1969 |g 30(1998), Seite 1257 |w (DE-627)129676292 |w (DE-600)256692-8 |w (DE-576)015146804 |x 0002-7537 |7 nnas |
| 773 | 1 | 8 | |g volume:30 |g year:1998 |g pages:1257 |g extent:? |a Properties of new M31 dSph companions from keck imaging |
| 951 | |a AR | ||
| 992 | |a 20141127 | ||
| 993 | |a Article | ||
| 994 | |a 1998 | ||
| 998 | |g 1020239085 |a Grebel, Eva K. |m 1020239085:Grebel, Eva K. |d 910000 |d 950000 |d 950950 |e 910000PG1020239085 |e 950000PG1020239085 |e 950950PG1020239085 |k 0/910000/ |k 1/910000/950000/ |k 2/910000/950000/950950/ |p 1 |x j | ||
| 999 | |a KXP-PPN1641382821 |e 3304205330 | ||
| BIB | |a Y | ||
| SER | |a journal | ||
| JSO | |a {"physDesc":[{"extent":"? S."}],"recId":"1641382821","origin":[{"dateIssuedKey":"1998","dateIssuedDisp":"1998"}],"person":[{"role":"aut","family":"Grebel","display":"Grebel, Eva K.","given":"Eva K."},{"role":"aut","family":"Guhathakurta","display":"Guhathakurta, Puragra","given":"Puragra"}],"name":{"displayForm":["E. K. Grebel; P. Guhathakurta"]},"type":{"bibl":"article-journal"},"language":["eng"],"title":[{"title":"Properties of new M31 dSph companions from keck imaging","title_sort":"Properties of new M31 dSph companions from keck imaging"}],"relHost":[{"type":{"bibl":"periodical"},"language":["eng"],"title":[{"title_sort":"Bulletin of the American Astronomical Society","title":"Bulletin of the American Astronomical Society"}],"id":{"zdb":["256692-8"],"issn":["0002-7537"],"eki":["129676292"]},"name":{"displayForm":["American Institute of Physics"]},"pubHistory":["1.1969 - 42.2010"],"disp":"American Astronomical SocietyBulletin of the American Astronomical Society","corporate":[{"role":"aut","display":"American Astronomical Society"}],"part":{"text":"30(1998), Seite 1257","pages":"1257","volume":"30","year":"1998","extent":"?"},"recId":"129676292","origin":[{"publisherPlace":"New York, NY","publisher":"[Verlag nicht ermittelbar]","dateIssuedKey":"1969","dateIssuedDisp":"1969-2010"}]}],"id":{"eki":["1641382821"]}} | ||
| SRT | |a GREBELEVAKPROPERTIES1998 | ||